Statistics for Actor's With "E" in Their Name by Picture

Click here to take the quiz!

General Stats

  • This quiz has been taken 158 times
  • The average score is 11 of 14

Answer Stats

Answer% Correct
Keanu Reeves
93%
Chris Hemsworth
91%
George Clooney
90%
Nicolas Cage
90%
Emma Stone
88%
Scarlett Johansson
88%
Angelina Jolie
84%
Ben Affleck
80%
Anne Hathaway
78%
Natalie Portman
78%
Christopher Reeve
75%
Jeremy Renner
74%
Ewan McGregor
68%
Emily Blunt
60%

Score Distribution

Percentile by Number Answered

Percent of People with Each Score

Your Score History

You have not taken this quiz